Microsoft Word 2000 cho mọi người /
Kiến thức Word cơ bản; Nhóm công cụ soạn thảo và hiệu chỉnh; Các công cụ định dạng; Đối tượng đồ hoạ; Thiết kế trang và nhóm công cụ xuất bản; Nhóm công cụ xử lý và tự động hoá dữ liệu; Nhóm công cụ Web và Internet.
Gardado en:
| Autor Corporativo: | |
|---|---|
| Formato: | Libro |
| Idioma: | Vietnamese |
| Publicado: |
Tp.HCM :
Thống kê,
1999.
|
| Những chủ đề: | |
| Các nhãn: |
Engadir etiqueta
Sen Etiquetas, Sexa o primeiro en etiquetar este rexistro!
|
| Thư viện lưu trữ: | Mạng thư viện Đại học Đà Nẵng |
|---|
| LEADER | 01183cam a2200361 i 4500 | ||
|---|---|---|---|
| 001 | 000042763 | ||
| 003 | 638 | ||
| 005 | 20041028153318.0 | ||
| 008 | 010217b1999 vm 000 vie | ||
| 020 | |c 89000 | ||
| 022 | |a T | ||
| 040 | |a IRC |c IRC |d IRC | ||
| 041 | 1 | |a vie | |
| 082 | 1 | 4 | |a 005.15 |b Mi-W |
| 245 | 0 | 0 | |a Microsoft Word 2000 cho mọi người / |c VN-Guide dịch. |
| 260 | |a Tp.HCM : |b Thống kê, |c 1999. | ||
| 300 | |a 1044 tr. ; |c 20,5 cm. | ||
| 520 | 3 | |a Kiến thức Word cơ bản; Nhóm công cụ soạn thảo và hiệu chỉnh; Các công cụ định dạng; Đối tượng đồ hoạ; Thiết kế trang và nhóm công cụ xuất bản; Nhóm công cụ xử lý và tự động hoá dữ liệu; Nhóm công cụ Web và Internet. | |
| 630 | 0 | 4 | |a Tin học. |
| 630 | 0 | 4 | |a Word. |
| 630 | 0 | 4 | |a Computer programs. |
| 650 | 0 | 4 | |a Microsoft Word (Chương trình máy tính) |
| 710 | 2 | |a VN-Guide, |e biên dịch. | |
| OWN | |a DUT | ||
| 999 | |a From the UDN01 | ||
| TYP | |a Monograph | ||
| TYP | |a Printed language | ||
| 980 | |a Mạng thư viện Đại học Đà Nẵng | ||